Linear algebra and its applications

Αποθηκεύτηκε σε:
Λεπτομέρειες βιβλιογραφικής εγγραφής
Κύριος συγγραφέας: Lay, David C.
Μορφή: Βιβλίο
Γλώσσα:English
Δημοσίευση: Reading, Mass. : Addison-Wesley, c1997
Έκδοση:2nd ed.
Θέματα:
Ετικέτες: Προσθήκη ετικέτας
Δεν υπάρχουν, Καταχωρήστε ετικέτα πρώτοι!

MARC

LEADER 00000cam a2200000 i 4500
001 1/78446
008 990423s1997 gr | ||| |||| ||eng||
020 |a 0201824787 
035 |l 10050154 
040 |a GR-MY-UA  |b gre  |e aacr 
041 0 |a eng 
082 0 |a 512.5 
100 1 |a Lay, David C. 
245 1 0 |a Linear algebra and its applications /  |c David C. Lay 
250 |a 2nd ed. 
260 |a Reading, Mass. :   |b Addison-Wesley,   |c c1997 
300 |a 1 v. (various pagings);  |b ill.;  |c 25 cm. 
500 |a Includes bibliographical references and index 
650 0 0 |a Algebras, Linear. 
852 |a INST  |b SAMOS  |e 19990423  |h 512.5 LAY  |p 005300014949  |q 005300014949  |t BK  |y 0 
901 |a BIBL-1999-1 
909 |a Σ  |b 065280 
922 |a 3ΕΛΗ  |b 199903  |c ΚΠΣ  |d GLORY